| 000 | 00752nam a22001817a 4500 | ||
|---|---|---|---|
| 999 |
_c61488 _d61488 |
||
| 005 | 20240319144530.0 | ||
| 008 | 240319s2004 ru ||||| |||| 00| 0 rus d | ||
| 020 | _a5985800040 | ||
| 041 | _arus | ||
| 080 | _a737.929 M-77 | ||
| 245 |
_aМонеты и медали: _b(Сборник статей по материалам коллекции отдела нумизматики ГМИИ им. А.С. Пушкина.) Выпуск II _cPед. Н.М. Смирнова, |
||
| 264 |
_aМ.: _c2004. |
||
| 300 |
_a268 с.: _bил. _c27 см. |
||
| 653 | _aმონეტები და მედლები | ||
| 653 | _aნუმიზმატიკა | ||
| 700 |
_aСмирнова, Н.М. _eრედაქტორი _921471 |
||
| 942 |
_2udc _cBK |
||